বঙ্গবঙ্গ ও তৎকাল / (Record no. 64825)
[ view plain ]
| 000 -LEADER | |
|---|---|
| fixed length control field | 00807nam a2200229 a 4500 |
| 001 - CONTROL NUMBER | |
| control field | 64825 |
| 003 - CONTROL NUMBER IDENTIFIER | |
| rucl marc code | BD-RjUL |
| 005 - DATE AND TIME OF LATEST TRANSACTION | |
| control field | 20211209081344.0 |
| 008 - FIXED-LENGTH DATA ELEMENTS--GENERAL INFORMATION | |
| fixed length control field | 170223s2005 xxu||||| |||| 00| 0 eng d |
| 020 ## - INTERNATIONAL STANDARD BOOK NUMBER | |
| International Standard Book Number | 9848088873 |
| 035 ## - SYSTEM CONTROL NUMBER | |
| System control number | (BD-RjUL)64955 |
| 040 ## - CATALOGING SOURCE | |
| Original cataloging agency | BD-RjUL |
| Language of cataloging | ben |
| Transcribing agency | BD-RjUL |
| Modifying agency | BD-RjUL |
| 041 ## - LANGUAGE CODE | |
| Language code of text/sound track or separate title | ben |
| 082 ## - DEWEY DECIMAL CLASSIFICATION NUMBER | |
| Edition number | 23 |
| Classification number | 954.92305 |
| Author mark and year | MUB 2005 |
| 100 1# - MAIN ENTRY--PERSONAL NAME | |
| Personal name | মুস্তাফা, গোলাম |
| 9 (RLIN) | 192205 |
| 245 01 - TITLE STATEMENT | |
| Title | বঙ্গবঙ্গ ও তৎকাল / |
| Statement of responsibility, etc. | গোলাম মুস্তাফা |
| 260 ## - PUBLICATION, DISTRIBUTION, ETC. (IMPRINT) | |
| Place of publication, distribution, etc. | ঢাকা : |
| Name of publisher, distributor, etc. | সন্দেশ, |
| Date of publication, distribution, etc. | ২০০৫. |
| 300 ## - PHYSICAL DESCRIPTION | |
| Pagination | ৮৮ পৃ. ; |
| Size | ২২ সেমি. |
| 651 ## - SUBJECT ADDED ENTRY--GEOGRAPHIC NAME | |
| Geographic name | বাংলাদেশ (চট্টগ্রাম) |
| Chronological subdivision | ১৯৭১- |
| 9 (RLIN) | 192206 |
| Geographic name | Bangladesh (Chittagong) |
| Chronological subdivision | 1971- |
| 9 (RLIN) | 192207 |
| 942 ## - ADDED ENTRY ELEMENTS (KOHA) | |
| Source of classification or shelving scheme | Dewey Decimal Classification |
| Koha item type | Books |
| Lost status | Source of classification or shelving scheme | Damaged status | Not for loan | Collection code | Permanent Location | Current Location | Shelving location | Date acquired | Source of acquisition | Cost, normal purchase price | Total Checkouts | Full call number | Date last seen | Copy number | Koha item type |
|---|---|---|---|---|---|---|---|---|---|---|---|---|---|---|---|
| Dewey Decimal Classification | Not For Loan | Non-fiction | Central Library, University of Rajshahi | Central Library, University of Rajshahi | Reading Room | 13/06/2009 | Author, Dhaka | 75.00 | B 954.92305 MUB 2005 | 23/02/2017 | C-1 | Books |